01354cam a22003494i 4500003000900000005001700009008004100026035001900067040003300086082001900119100003400138245006700172264003800239300003800277336002100315337002500336338002300361490004000384505045400424526001000878526001000888526001000898526001000908526000800918526000800926526000800934526000800942526000800950526000800958526000800966650003000974PE-LiUPU20250731172809.0150617s1942 ag r 000 0 spa d a(Sirsi) a13468 aPE-LiUPUbspacPE-LiUPUerda04a232.4bP672211 aPistonesi, José A.,eautor.13aEl Beneficio de Jesucristo crucificado /cJosé A. Pistonesi. 1aBuenos Aires :bLa Aurora,c1942. a99 páginas ;c19 centímetros. atext2rdacontent aunmediated2rdamedia avolume2rdacarrier0 aObras Clásicas de la Reforma ;v40 apecado original y de la miseria del hombre -- La ley fue dada por Dios, a fin de que nosotros, conociendo el pecado e impotentes para justificarnos por medio de nuestras buenas obras, recurriésemos a la misericordia de Dios y a la justicia por la fe -- La remisión de los pecados, la justificación y nuestra completa salvación dependen únicamente de Cristo -- Cómo el cristiano se viste de Cristo -- Algunos remedios contra desconfianza. aSEG42 aSEG41 aSEG40 aSEG39 aP94 aP87 aP86 aP85 aP77 aP76 aP3504aCrucifixión de Jesús.